000 00844na a2200265 4500
001 24471
003 MIRAKIL
005 20181213155110.0
008 181115b tu 000 0
020 _a9786050923254
040 _aMilas
_btur
_cTR-AnCHP
041 _atur
082 _a340.09561
_bA49t 2014
090 _a340.09561 A49t 2014
100 _aAkyol, Taha
245 _aTürkiye'nin hukuk serüveni
_bfıkıhtan hukuka ve demokrasiye geçiş sorunları
_cTaha Akyol
246 _afıkıhtan hukuka ve demokrasiye geçiş sorunları
260 _aİstanbul
_bDoğan Kitap
_c2014
_fMega basım yayın
300 _a328 s.
_c23 sm.
504 _aKaynakça ve dizin var.
650 _aDemokrasi
_xTürkiye
650 _aHukuk
_xTarih
_zTürkiye
740 _afıkıhtan hukuka ve demokrasiye geçiş sorunları
942 _2dcc
_cBKS
999 _c6536
_d6536